[Event "VIII CAMPEONATO CONTINENTAL DE LAS AMERI"]
[Site "Hotel Casa Campestre - Cochaba"]
[Date "2013.05.09"]
[Round "3"]
[White "Ferrufino, Boris"]
[Black "Nunez Marquina, Nataly Massiel"]
[Result "0-1"]
[WhiteElo "2211"]
[BlackElo "1942"]
[PlyCount "41"]
[EventDate "2013.05.07"]
[EventRounds "11"]
[EventCountry "BOL"]

1. d4 Nf6 2. Nf3 d5 3. e3 e6 4. Bd3 c5 5. c3 Bd6 6. O-O b6 7. Nbd2 Bb7 8. Qc2
Qc7 9. dxc5 Bxc5 10. e4 Nbd7 11. exd5 Nxd5 12. Ne4 Be7 13. a4 Rc8 14. Qe2 O-O
15. Nd4 Nf4 16. Bxf4 Qxf4 17. a5 Nc5 18. Nxc5 Bxc5 19. a6 Ba8 20. Nb5 Qg5 21.
g3 0-1

[Event "VIII CAMPEONATO CONTINENTAL DE LAS AMERI"]
[Site "Hotel Casa Campestre - Cochaba"]
[Date "2013.05.09"]
[Round "3"]
[White "Martinez, Ariel A"]
[Black "Coro, Renan"]
[Result "1-0"]
[WhiteElo "2203"]
[BlackElo "1922"]
[PlyCount "71"]
[EventDate "2013.05.07"]
[EventRounds "11"]
[EventCountry "BOL"]

1. e4 d5 2. exd5 Qxd5 3. Nc3 Qa5 4. g3 c6 5. Bg2 Nf6 6. d4 Bg4 7. Nf3 e6 8. h3
Bxf3 9. Qxf3 Nbd7 10. O-O Bd6 11. Be3 O-O 12. a3 a6 13. b4 Qc7 14. Na4 a5 15.
Nc5 axb4 16. axb4 Nd5 17. Bd2 b5 18. Qb3 Bxc5 19. bxc5 Ra7 20. Rfe1 Rfa8 21.
Rxa7 Qxa7 22. Bxd5 exd5 23. Re7 Qa1+ 24. Kg2 Nf6 25. Qd3 h6 26. Rc7 Qd1 27.
Rxc6 Ne4 28. Be3 Qb1 29. Qb3 Qd1 30. Qxd5 Nc3 31. Qf5 g6 32. Rc8+ Rxc8 33.
Qxc8+ Kg7 34. Bxh6+ Kxh6 35. Qh8+ Kg5 36. f4+ 1-0

[Event "VIII CAMPEONATO CONTINENTAL DE LAS AMERI"]
[Site "Hotel Casa Campestre - Cochaba"]
[Date "2013.05.09"]
[Round "3"]
[White "Medrano, Sebastian"]
[Black "Lopez, Mario Iver"]
[Result "0-1"]
[WhiteElo "1803"]
[BlackElo "2197"]
[PlyCount "112"]
[EventDate "2013.05.07"]
[EventRounds "11"]
[EventCountry "BOL"]

1. d4 Nf6 2. Nf3 d6 3. Bf4 Bg4 4. e3 Nbd7 5. Be2 Nh5 6. Bg5 h6 7. Bh4 g5 8. Bg3
Bg7 9. Nfd2 Bxe2 10. Qxe2 Nxg3 11. hxg3 c5 12. c3 Rc8 13. f4 gxf4 14. gxf4 cxd4
15. exd4 Bxd4 16. Nc4 Nb6 17. Na5 Bf6 18. Nxb7 Qd7 19. Na5 Qf5 20. Rh5 Qxf4 21.
Nd2 d5 22. Qb5+ Kf8 23. Qe2 Rg8 24. Rh3 Rg3 25. Rxg3 Qxg3+ 26. Qf2 Qd3 27. Rd1
Qg6 28. Nab3 Qg4 29. Qe2 Qh4+ 30. Qf2 Qxf2+ 31. Kxf2 e6 32. Rh1 Kg7 33. Rh3 Na4
34. Rg3+ Kf8 35. Rh3 Bg7 36. Nd4 Nxb2 37. Rf3 Kg8 38. Ke2 Na4 39. Nb1 Nxc3+ 40.
Nxc3 Bxd4 41. Nb5 Bb6 42. Rxf7 Kxf7 43. Nd6+ Ke7 44. Nxc8+ Kd7 45. Nxb6+ axb6
46. Kf3 e5 47. Kg4 d4 48. Kf3 d3 49. Ke3 e4 50. Kd2 Ke6 51. Ke3 Kd5 52. g4 Kc4
53. a4 Kc3 54. g5 hxg5 55. Kxe4 d2 56. Kf5 d1=Q 0-1

[Event "VIII CAMPEONATO CONTINENTAL DE LAS AMERI"]
[Site "Hotel Casa Campestre - Cochaba"]
[Date "2013.05.09"]
[Round "3"]
[White "Aliaga Fernandez, Ingrid Y"]
[Black "Aguilar, Luis Miguel"]
[Result "1-0"]
[WhiteElo "2184"]
[BlackElo "1903"]
[PlyCount "103"]
[EventDate "2013.05.07"]
[EventRounds "11"]
[EventCountry "BOL"]

1. e4 g6 2. d4 Bg7 3. Nc3 c5 4. d5 d6 5. Be2 e6 6. Nf3 Nf6 7. dxe6 fxe6 8. e5
dxe5 9. Qxd8+ Kxd8 10. Nxe5 Ke7 11. Bf3 Nbd7 12. Nc4 Nb6 13. Nxb6 axb6 14. O-O
Nd7 15. Ne4 h6 16. Be2 Ne5 17. f4 Nc6 18. c3 Bd7 19. Be3 Ra4 20. Bf3 Rha8 21.
a3 Na5 22. Nd2 Nc6 23. Bd1 R4a6 24. Be2 Kf7 25. Bxa6 bxa6 26. Nc4 Rb8 27. Rad1
Be8 28. Nd6+ Ke7 29. Bf2 Nd8 30. Bh4+ Kf8 31. Nxe8 Kxe8 32. Rfe1 e5 33. Rxd8+
Rxd8 34. Bxd8 Kxd8 35. fxe5 Ke7 36. e6 b5 37. Re2 a5 38. Kf1 b4 39. cxb4 axb4
40. axb4 cxb4 41. b3 Bf6 42. Re4 Bc3 43. Ke2 Ke8 44. Kd3 Ke7 45. Kc4 g5 46. g4
Ke8 47. Kd5 Ke7 48. h3 Ke8 49. Rc4 Ke7 50. Rc7+ Kf8 51. Kd6 Bf6 52. Rf7+ 1-0

[Event "VIII CAMPEONATO CONTINENTAL DE LAS AMERI"]
[Site "Hotel Casa Campestre - Cochaba"]
[Date "2013.05.09"]
[Round "3"]
[White "Mollo, Jhoan"]
[Black "Saavedra, Carlos"]
[Result "0-1"]
[WhiteElo "1588"]
[BlackElo "2179"]
[PlyCount "60"]
[EventDate "2013.05.07"]
[EventRounds "11"]
[EventCountry "BOL"]

1. e4 c5 2. Nc3 d6 3. f4 Nc6 4. Bb5 Bd7 5. Nf3 a6 6. Bd3 g6 7. O-O Bg7 8. Qe1
Nb4 9. a3 Nxd3 10. cxd3 Bc6 11. e5 Bxf3 12. Rxf3 dxe5 13. fxe5 Qd4+ 14. Re3
Bxe5 15. Kh1 Bc7 16. b4 O-O-O 17. bxc5 Qxc5 18. Bb2 f6 19. Ne4 Qd5 20. Rc1 Nh6
21. Nc5 Nf5 22. Ne6 Rd7 23. Nxc7 Rxc7 24. Rxc7+ Kxc7 25. Re4 h5 26. Qc1+ Kb8
27. Qc4 Rd8 28. Qc1 Qxd3 29. Rc4 Qd7 30. Qc2 Ne3 0-1

[Event "VIII CAMPEONATO CONTINENTAL DE LAS AMERI"]
[Site "Hotel Casa Campestre - Cochaba"]
[Date "2013.05.09"]
[Round "3"]
[White "Lopez, Diego"]
[Black "Borda, Cesar"]
[Result "1/2-1/2"]
[WhiteElo "2171"]
[BlackElo "1838"]
[PlyCount "78"]
[EventDate "2013.05.07"]
[EventRounds "11"]
[EventCountry "BOL"]

1. d4 Nf6 2. c4 g6 3. Nc3 d5 4. Nf3 Bg7 5. Bg5 Ne4 6. cxd5 Nxg5 7. Nxg5 e6 8.
Nf3 exd5 9. e3 O-O 10. b4 b6 11. Qb3 Be6 12. Be2 c5 13. bxc5 bxc5 14. Qa4 Nd7
15. O-O cxd4 16. Nxd4 Nb6 17. Qa6 Bxd4 18. exd4 Qc8 19. Rac1 Nc4 20. Qa4 Qe8
21. Qxe8 Rfxe8 22. Nxd5 Bxd5 23. Bxc4 Bxc4 24. Rxc4 Re2 25. Ra4 Rd2 26. g4 Rd8
27. Rxa7 R8xd4 28. h3 Rc4 29. Kg2 Rcc2 30. a4 Ra2 31. a5 h6 32. Ra6 Rd5 33. Rb1
Raxa5 34. Rf6 Rd7 35. Rb3 h5 36. Kg3 hxg4 37. hxg4 Rc7 38. Rbf3 Ra1 39. Rb3
Raa7 1/2-1/2

[Event "VIII CAMPEONATO CONTINENTAL DE LAS AMERI"]
[Site "Hotel Casa Campestre - Cochaba"]
[Date "2013.05.09"]
[Round "3"]
[White "Molina, Jessica"]
[Black "Salazar, Carlos"]
[Result "0-1"]
[WhiteElo "1585"]
[BlackElo "2167"]
[PlyCount "60"]
[EventDate "2013.05.07"]
[EventRounds "11"]
[EventCountry "BOL"]

1. d4 c5 2. dxc5 e6 3. b3 Bxc5 4. Bb2 Nf6 5. Nf3 O-O 6. e3 Nc6 7. Bd3 d5 8. O-O
Qe7 9. Nbd2 e5 10. e4 d4 11. c3 Rd8 12. cxd4 Nxd4 13. Bxd4 Bxd4 14. Nxd4 Rxd4
15. Nf3 Bg4 16. Qe2 Rad8 17. Rad1 Nh5 18. Bc2 Qf6 19. Rxd4 exd4 20. Bd1 Nf4 21.
Qd2 Bh3 22. e5 Qh6 23. Ne1 Bxg2 24. Qxf4 Qxf4 25. Nxg2 Qxe5 26. Re1 Qa5 27. Re7
Kf8 28. Rxb7 Qd2 29. Bh5 Qc1+ 30. Ne1 Qxe1+ 0-1

[Event "VIII CAMPEONATO CONTINENTAL DE LAS AMERI"]
[Site "Hotel Casa Campestre - Cochaba"]
[Date "2013.05.09"]
[Round "3"]
[White "Delgadillo, Adonay"]
[Black "Prado, Alexandra"]
[Result "1-0"]
[WhiteElo "2161"]
[BlackElo "1790"]
[PlyCount "71"]
[EventDate "2013.05.07"]
[EventRounds "11"]
[EventCountry "BOL"]

1. e4 d5 2. exd5 Qxd5 3. Nc3 Qd6 4. Bc4 Nf6 5. Nf3 a6 6. Qe2 e6 7. d4 Be7 8.
O-O O-O 9. a4 Nc6 10. Be3 Bd7 11. Rfd1 Nb4 12. Ne5 Bc6 13. Bf4 Nfd5 14. Bg3 Qd8
15. Nxc6 bxc6 16. Bb3 Bd6 17. Ne4 Bxg3 18. hxg3 Nf6 19. Nc5 a5 20. Kh2 Re8 21.
c3 Nbd5 22. Rh1 Qd6 23. Nd3 Rab8 24. Bc2 Ne7 25. Kg1 Ng6 26. f4 Rb6 27. Rf1 Qd5
28. g4 Ne4 29. Rh3 f5 30. g5 c5 31. Qh5 Kf7 32. Bd1 cxd4 33. Qxh7 dxc3 34.
Qxg6+ Ke7 35. Qxg7+ Kd8 36. bxc3 1-0

[Event "VIII CAMPEONATO CONTINENTAL DE LAS AMERI"]
[Site "Hotel Casa Campestre - Cochaba"]
[Date "2013.05.09"]
[Round "3"]
[White "Chumpitaz, Ann"]
[Black "Lopez, Bruno"]
[Result "1-0"]
[WhiteElo "2155"]
[BlackElo "1734"]
[PlyCount "67"]
[EventDate "2013.05.07"]
[EventRounds "11"]
[EventCountry "BOL"]

1. e4 c5 2. Nf3 Nc6 3. d4 cxd4 4. Nxd4 Nf6 5. Nc3 e5 6. Ndb5 d6 7. Bg5 a6 8.
Bxf6 gxf6 9. Na3 b5 10. Nd5 Bg7 11. Bd3 Ne7 12. Nxe7 Qxe7 13. O-O O-O 14. Qf3
Bb7 15. c4 bxc4 16. Nxc4 Rfe8 17. Ne3 Rad8 18. Bc4 Qf8 19. Rad1 Bh6 20. Ng4 Bg7
21. Rfe1 Qe7 22. Ne3 Kh8 23. Nf5 Qf8 24. Qh5 Rd7 25. Rd3 d5 26. Rh3 Qg8 27.
Bxd5 Bxd5 28. exd5 Rxd5 29. Rg3 e4 30. Rxg7 Qxg7 31. Nxg7 Rxh5 32. Nxh5 Re6 33.
g4 h6 34. Ng3 1-0

[Event "VIII CAMPEONATO CONTINENTAL DE LAS AMERI"]
[Site "Hotel Casa Campestre - Cochaba"]
[Date "2013.05.09"]
[Round "3"]
[White "Mendoza, Rodrigo"]
[Black "Ruiz, Samuel"]
[Result "1-0"]
[WhiteElo "2148"]
[BlackElo "1710"]
[PlyCount "109"]
[EventDate "2013.05.07"]
[EventRounds "11"]
[EventCountry "BOL"]

1. d4 Nf6 2. Nf3 d5 3. c4 c6 4. e3 Bf5 5. cxd5 cxd5 6. Qb3 Qc7 7. Nc3 e6 8. Bd2
Nbd7 9. Nb5 Qb6 10. Rc1 Bd6 11. Nxd6+ Qxd6 12. Qxb7 O-O 13. Bb4 Qb8 14. Qxb8
Rfxb8 15. Ba3 Rc8 16. Ra1 Rc2 17. Bb5 Nb6 18. Ba6 Nc4 19. Bxc4 Rxc4 20. O-O
Rac8 21. Nd2 Rc2 22. Nb3 Ne4 23. Rfd1 h6 24. f3 Nf6 25. Rac1 Nd7 26. Rxc2 Rxc2
27. Rc1 Re2 28. Rc3 Nb6 29. Kf1 Rc2 30. Rxc2 Bxc2 31. Bc5 Nc4 32. Ke2 a6 33.
Na1 Bb1 34. b3 Na5 35. Kd2 Nb7 36. a4 Nxc5 37. dxc5 Kf8 38. b4 Ke8 39. Kc3 Kd7
40. Nb3 e5 41. b5 axb5 42. axb5 f5 43. Nc1 f4 44. exf4 exf4 45. Kd4 g5 46. Kxd5
h5 47. c6+ Kc7 48. Kc5 g4 49. b6+ Kc8 50. Ne2 Bf5 51. Nxf4 gxf3 52. gxf3 h4 53.
b7+ Kc7 54. Nd5+ Kb8 55. Kb6 1-0

[Event "VIII CAMPEONATO CONTINENTAL DE LAS AMERI"]
[Site "Hotel Casa Campestre - Cochaba"]
[Date "2013.05.09"]
[Round "3"]
[White "Celis, Kevin"]
[Black "Sabas, Jorge"]
[Result "1-0"]
[WhiteElo "2134"]
[BlackElo "2302"]
[PlyCount "92"]
[EventDate "2013.05.07"]
[EventRounds "11"]
[EventCountry "BOL"]

1. e4 c6 2. d4 d5 3. Nc3 dxe4 4. Nxe4 Bf5 5. Ng3 Bg6 6. h4 h6 7. h5 Bh7 8. Nf3
Nf6 9. Bd3 Bxd3 10. Qxd3 e6 11. Bd2 Qb6 12. O-O-O Qa6 13. Qxa6 Nxa6 14. Ne5 c5
15. Be3 Bd6 16. Kb1 O-O 17. f3 Nd5 18. Bf2 cxd4 19. Nc4 Bc7 20. Rxd4 b5 21. Na3
Bb6 22. Rd2 Bxf2 23. Rxf2 Nac7 24. Rd2 Rac8 25. Ne4 b4 26. Nc4 Nb5 27. Ncd6
Nxd6 28. Nxd6 Rc6 29. Nb5 a5 30. g4 a4 31. Nd4 Ra6 32. Rg1 f6 33. Nxe6 Nc3+ 34.
Ka1 Nxa2 35. Nc7 Ra7 36. Nd5 Ra5 37. Kxa2 b3+ 38. Kb1 a3 39. bxa3 bxc2+ 40.
Kxc2 Rxa3 41. Nc3 Rc8 42. Rd3 Ra2+ 43. Kb3 Ra6 44. Re1 Rb8+ 45. Kc2 Rc8 46. Rd7
Kh7 1-0

[Event "VIII CAMPEONATO CONTINENTAL DE LAS AMERI"]
[Site "Hotel Casa Campestre - Cochaba"]
[Date "2013.05.09"]
[Round "3"]
[White "Arias, Juan Cruz"]
[Black "Molina, Jorge"]
[Result "1/2-1/2"]
[WhiteElo "1933"]
[BlackElo "2144"]
[PlyCount "27"]
[EventDate "2013.05.07"]
[EventRounds "11"]
[EventCountry "BOL"]

1. e4 d5 2. exd5 Nf6 3. Nf3 Nxd5 4. d4 g6 5. Be2 Bg7 6. O-O O-O 7. c4 Nb6 8.
Nc3 Bg4 9. Be3 Nc6 10. c5 Nd5 11. h3 Bf5 12. Nxd5 Qxd5 13. Qa4 Bd7 14. Qc4
1/2-1/2

[Event "VIII CAMPEONATO CONTINENTAL DE LAS AMERI"]
[Site "Hotel Casa Campestre - Cochaba"]
[Date "2013.05.09"]
[Round "3"]
[White "Cruz Pereyra, Andresantoni"]
[Black "Acosta, Mariano"]
[Result "1/2-1/2"]
[WhiteElo "1947"]
[BlackElo "1958"]
[PlyCount "57"]
[EventDate "2013.05.07"]
[EventRounds "11"]
[EventCountry "BOL"]

1. c4 e6 2. b3 d5 3. Nf3 c5 4. cxd5 exd5 5. d4 Nf6 6. e3 Nc6 7. Be2 cxd4 8.
Nxd4 Bb4+ 9. Bd2 Qa5 10. O-O Nxd4 11. exd4 O-O 12. Bxb4 Qxb4 13. Qd2 Qxd2 14.
Nxd2 Bf5 15. Rac1 Rac8 16. f3 h6 17. b4 Rfe8 18. Kf2 Kh7 19. Nb3 Rxc1 20. Rxc1
Rc8 21. Nc5 b6 22. Ba6 Re8 23. Nb3 Re7 24. g4 Be6 25. a4 Ne8 26. a5 Rc7 27.
axb6 axb6 28. Rxc7 Nxc7 29. Bd3+ 1/2-1/2

[Event "VIII CAMPEONATO CONTINENTAL DE LAS AMERI"]
[Site "Hotel Casa Campestre - Cochaba"]
[Date "2013.05.09"]
[Round "3"]
[White "Vidaurre, Luis"]
[Black "Parraga, Alejandro"]
[Result "0-1"]
[WhiteElo "1836"]
[BlackElo "2163"]
[PlyCount "74"]
[EventDate "2013.05.07"]
[EventRounds "11"]
[EventCountry "BOL"]

1. d4 d5 2. Nf3 Nf6 3. g3 e6 4. Bg2 b5 5. O-O Be7 6. c3 O-O 7. a4 b4 8. a5 Ba6
9. Nbd2 bxc3 10. bxc3 Nbd7 11. Re1 c5 12. e4 dxe4 13. Ng5 cxd4 14. cxd4 Rc8 15.
Ngxe4 Nxe4 16. Nxe4 Nf6 17. Nxf6+ Bxf6 18. Be3 Qd6 19. Qd2 Rfd8 20. Rad1 Bb5
21. Rc1 a6 22. Bb7 Rxc1 23. Rxc1 h6 24. Be4 Qa3 25. Bc6 Qa4 26. Bxb5 Qxb5 27.
Rc5 Qb1+ 28. Rc1 Qe4 29. Qc2 Qd5 30. Qc5 Qa2 31. Qb6 Qe2 32. Rc6 Rd5 33. Rxe6
Rb5 34. Re8+ Kh7 35. Qc6 Rb1+ 36. Kg2 Qf1+ 37. Kf3 Qh1+ 0-1

[Event "VIII CAMPEONATO CONTINENTAL DE LAS AMERI"]
[Site "Hotel Casa Campestre - Cochaba"]
[Date "2013.05.09"]
[Round "3"]
[White "Monroy, Nathaly"]
[Black "Gamboa, Anibal"]
[Result "1/2-1/2"]
[WhiteElo "1791"]
[BlackElo "2126"]
[PlyCount "116"]
[EventDate "2013.05.07"]
[EventRounds "11"]
[EventCountry "BOL"]

1. d4 Nf6 2. Nf3 e6 3. c4 Bb4+ 4. Bd2 Bxd2+ 5. Nbxd2 d5 6. g3 O-O 7. Bg2 b6 8.
O-O Bb7 9. b3 Nbd7 10. Re1 c5 11. e3 Re8 12. Rc1 Rc8 13. a3 Qe7 14. Qe2 a5 15.
a4 e5 16. dxe5 Nxe5 17. Nxe5 Qxe5 18. cxd5 Bxd5 19. Nc4 Qe6 20. Bxd5 Nxd5 21.
Rcd1 Rcd8 22. Qf3 Nf6 23. Rxd8 Rxd8 24. Rd1 Rxd1+ 25. Qxd1 Qd5 26. Qxd5 Nxd5
27. e4 Nf6 28. Nxb6 Nxe4 29. Nc4 Kf8 30. f3 Ng5 31. Kf2 Ne6 32. Nxa5 Ke7 33.
Ke3 Kd6 34. Nc4+ Kd5 35. f4 Nd4 36. Nd2 f6 37. Kd3 Nc6 38. Kc3 g5 39. fxg5 fxg5
40. h4 gxh4 41. gxh4 h5 42. Nf1 Ne5 43. Ng3 Nf3 44. Nxh5 Nxh4 45. Nf4+ Kc6 46.
Kc4 Nf5 47. Ne6 Nd6+ 48. Kd3 Kd5 49. Nf4+ Kc6 50. Ng2 c4+ 51. bxc4 Kc5 52. Ne3
Kb4 53. Nd5+ Kc5 54. Ne3 Kb4 55. a5 Kxa5 56. c5 Nb7 57. c6 Kb6 58. cxb7 Kxb7
1/2-1/2

[Event "VIII CAMPEONATO CONTINENTAL DE LAS AMERI"]
[Site "Hotel Casa Campestre - Cochaba"]
[Date "2013.05.09"]
[Round "3"]
[White "Quiroga, Duberlin"]
[Black "Aguilar, Pedro"]
[Result "1-0"]
[WhiteElo "2078"]
[BlackElo "1987"]
[PlyCount "107"]
[EventDate "2013.05.07"]
[EventRounds "11"]
[EventCountry "BOL"]

1. e4 g6 2. d4 Bg7 3. Nc3 c5 4. Nf3 cxd4 5. Nxd4 Nc6 6. Be3 d6 7. Bc4 Bd7 8.
Qd2 a6 9. f3 Nf6 10. O-O-O Na5 11. Bb3 Nxb3+ 12. axb3 O-O 13. g4 b5 14. Kb1 b4
15. Na4 Qa5 16. h4 h5 17. gxh5 Nxh5 18. Rdg1 Bxa4 19. bxa4 Qxa4 20. Bh6 b3 21.
Nxb3 Rfb8 22. Bxg7 Kxg7 23. Qg5 Rxb3 24. cxb3 Qxb3 25. Rh2 Qxf3 26. Rc2 Qf6 27.
Qxh5 Rh8 28. Qg5 Rxh4 29. Qxf6+ Kxf6 30. Re1 Ke5 31. Rc7 Ke6 32. Ra7 g5 33.
Rxa6 f6 34. Ra3 Ke5 35. b4 Kf4 36. Rb3 g4 37. b5 g3 38. b6 g2 39. b7 Rh1 40.
Rxh1 gxh1=Q+ 41. Ka2 Qh8 42. b8=Q Qxb8 43. Rxb8 Kxe4 44. Re8 e5 45. Re6 f5 46.
Rxd6 f4 47. Kb2 Ke3 48. Kc2 f3 49. Kd1 Kf2 50. Re6 Kg2 51. Rxe5 f2 52. Rg5+ Kf3
53. Rf5+ Kg2 54. Ke2 1-0

[Event "VIII CAMPEONATO CONTINENTAL DE LAS AMERI"]
[Site "Hotel Casa Campestre - Cochaba"]
[Date "2013.05.09"]
[Round "3"]
[White "Slomka, Gustavo"]
[Black "Monroy, Osvaldo"]
[Result "1-0"]
[WhiteElo "2055"]
[BlackElo "1954"]
[PlyCount "47"]
[EventDate "2013.05.07"]
[EventRounds "11"]
[EventCountry "BOL"]

1. b3 e5 2. Bb2 Nc6 3. e3 d5 4. Bb5 Bd6 5. c4 dxc4 6. bxc4 Bd7 7. Nf3 Qe7 8.
O-O O-O-O 9. c5 Bxc5 10. Bxc6 Bxc6 11. Nxe5 Bb5 12. Qg4+ f5 13. Qxf5+ Kb8 14.
Rc1 Nf6 15. a4 Ba6 16. d4 Bd6 17. Ba3 Rhf8 18. Qc2 Nd5 19. Nc3 Nxc3 20. Qxc3 h5
21. Rab1 Qf6 22. Bxd6 Qxf2+ 23. Kh1 Bf1 24. Qxc7+ 1-0

[Event "VIII CAMPEONATO CONTINENTAL DE LAS AMERI"]
[Site "Hotel Casa Campestre - Cochaba"]
[Date "2013.05.09"]
[Round "3"]
[White "Arias, Pablo"]
[Black "Caba, Edgar"]
[Result "1/2-1/2"]
[WhiteElo "2050"]
[BlackElo "1861"]
[PlyCount "58"]
[EventDate "2013.05.07"]
[EventRounds "11"]
[EventCountry "BOL"]

1. e4 e5 2. Nf3 Nf6 3. Nxe5 d6 4. Nf3 Nxe4 5. d4 d5 6. Bd3 Nc6 7. O-O Be7 8. c4
Nb4 9. Be2 dxc4 10. Bxc4 O-O 11. a3 Nd5 12. Re1 Nef6 13. Nc3 c5 14. Ne5 Be6 15.
Qc2 Qb6 16. Nf3 h6 17. Na4 Qc7 18. Nxc5 Bc8 19. Bd2 b6 20. Ne4 Be6 21. Rac1
Nxe4 22. Qxe4 Nf6 23. Qe2 Bxc4 24. Qxc4 Rac8 25. Ne5 b5 26. Ng6 Rfe8 27. Nxe7+
Rxe7 28. Qxc7 Rexc7 29. Rxc7 Rxc7 1/2-1/2

[Event "VIII CAMPEONATO CONTINENTAL DE LAS AMERI"]
[Site "Hotel Casa Campestre - Cochaba"]
[Date "2013.05.09"]
[Round "3"]
[White "Zarate, Ezequiel"]
[Black "Estrada, Lucia"]
[Result "0-1"]
[WhiteElo "1745"]
[BlackElo "2034"]
[PlyCount "70"]
[EventDate "2013.05.07"]
[EventRounds "11"]
[EventCountry "BOL"]

1. e4 e6 2. d4 d5 3. e5 c5 4. c3 Qb6 5. a3 a5 6. Nf3 Nd7 7. Nbd2 Ne7 8. Bd3 Nc6
9. Qa4 Qc7 10. Qc2 h6 11. O-O a4 12. Re1 c4 13. Bf1 Nb6 14. g3 Bd7 15. Nh4 Be7
16. Ng2 O-O-O 17. f4 g5 18. Nf3 Rdg8 19. Be3 Qd8 20. Re2 Na5 21. Nd2 h5 22. Rf2
gxf4 23. Bxf4 h4 24. Rf3 Rg7 25. Re1 Qg8 26. Re2 Be8 27. Ref2 Bd8 28. Be2 Nc6
29. Kf1 hxg3 30. Bxg3 Rxg3 31. Rxg3 Qxg3 32. Nf3 Qg7 33. Qd2 Ne7 34. Qg5 Ng6
35. Qg3 Qh6 0-1

[Event "VIII CAMPEONATO CONTINENTAL DE LAS AMERI"]
[Site "Hotel Casa Campestre - Cochaba"]
[Date "2013.05.09"]
[Round "4"]
[White "Gonzalez, Bernal"]
[Black "Bruzon Batista, Lazaro"]
[Result "1/2-1/2"]
[WhiteElo "2461"]
[BlackElo "2707"]
[PlyCount "44"]
[EventDate "2013.05.07"]
[EventRounds "11"]
[EventCountry "BOL"]

1. d4 Nf6 2. Nf3 g6 3. Bf4 Bg7 4. e3 d6 5. Be2 O-O 6. h3 b6 7. O-O Bb7 8. c3
Nbd7 9. Nbd2 e6 10. Bh2 Qe7 11. a4 a6 12. Qb3 e5 13. Qa3 Rfe8 14. Rfd1 Kh8 15.
dxe5 dxe5 16. Qxe7 Rxe7 17. Nc4 e4 18. Nd4 Nd5 19. Nb3 f5 20. Rd2 Bh6 21. Rad1
N7f6 22. a5 f4 1/2-1/2

[Event "VIII CAMPEONATO CONTINENTAL DE LAS AMERI"]
[Site "Hotel Casa Campestre - Cochaba"]
[Date "2013.05.09"]
[Round "4"]
[White "Granda Zuniga, Julio E"]
[Black "Leiva, Giuseppe"]
[Result "1-0"]
[WhiteElo "2659"]
[BlackElo "2388"]
[PlyCount "101"]
[EventDate "2013.05.07"]
[EventRounds "11"]
[EventCountry "BOL"]

1. Nf3 Nf6 2. g3 d5 3. Bg2 c6 4. d3 Bg4 5. Nbd2 Nbd7 6. h3 Bh5 7. O-O e5 8. e4
dxe4 9. dxe4 Be7 10. Qe1 O-O 11. Nh4 Re8 12. Nc4 Qc7 13. a4 Nc5 14. b4 Ne6 15.
c3 Nd7 16. Nf5 Bf8 17. f3 Nb6 18. Nfe3 f6 19. Rf2 Bf7 20. Bf1 Ng5 21. Nxb6 axb6
22. h4 Ne6 23. Bd2 Ra7 24. Nc4 Rea8 25. Be3 Rxa4 26. Rxa4 Rxa4 27. Nxb6 Ra3 28.
Qc1 Ra7 29. Kg2 Nd8 30. Rd2 Ra2 31. Rxa2 Bxa2 32. c4 Bxb4 33. Qc2 c5 34. Na4 b5
35. Nxc5 Bb1 36. Qxb1 Bxc5 37. cxb5 Bxe3 38. Qb3+ Ne6 39. Qxe6+ Kf8 40. Bc4 Bb6
41. Qg8+ Ke7 42. Qxg7+ Kd6 43. Qxf6+ Kc5 44. Bg8 Kxb5 45. Bxh7 Qxh7 46. Qxe5+
Kc6 47. Qd5+ Kc7 48. h5 Qh6 49. f4 Qg7 50. Kh3 Bf2 51. Qd3 1-0

[Event "VIII CAMPEONATO CONTINENTAL DE LAS AMERI"]
[Site "Hotel Casa Campestre - Cochaba"]
[Date "2013.05.09"]
[Round "4"]
[White "Ortiz Suarez, Isan Reynaldo"]
[Black "Ruiz C, Joshua D"]
[Result "1-0"]
[WhiteElo "2598"]
[BlackElo "2370"]
[PlyCount "71"]
[EventDate "2013.05.07"]
[EventRounds "11"]
[EventCountry "BOL"]

1. e4 c5 2. Nf3 d6 3. d4 cxd4 4. Nxd4 Nf6 5. Nc3 a6 6. Bg5 e6 7. f4 h6 8. Bh4
Be7 9. Qf3 Qc7 10. O-O-O Nbd7 11. Bd3 g5 12. fxg5 Ne5 13. Qe2 Nfg4 14. Nf3 hxg5
15. Bg3 Bd7 16. h3 Nxf3 17. hxg4 Rxh1 18. Rxh1 Nh4 19. Rf1 Qc5 20. e5 d5 21.
Bf2 Qb4 22. a3 Qf4+ 23. Kb1 Qh2 24. g3 Ng6 25. Qe1 Qh8 26. Bd4 Bc6 27. Na2 Nf8
28. Rh1 Qg7 29. Nb4 a5 30. Nxc6 bxc6 31. Qc3 c5 32. Bxc5 Rc8 33. Bb5+ Nd7 34.
Bxe7 Rxc3 35. Bf6 Qf8 36. bxc3 1-0

[Event "VIII CAMPEONATO CONTINENTAL DE LAS AMERI"]
[Site "Hotel Casa Campestre - Cochaba"]
[Date "2013.05.09"]
[Round "4"]
[White "Cornejo, Max"]
[Black "Hambleton, Aman"]
[Result "1-0"]
[WhiteElo "2380"]
[BlackElo "2468"]
[PlyCount "55"]
[EventDate "2013.05.07"]
[EventRounds "11"]
[EventCountry "BOL"]

1. e4 e6 2. d4 d5 3. e5 c5 4. c3 Nc6 5. Nf3 Nh6 6. Bd3 f6 7. Bxh6 gxh6 8. O-O
Bg7 9. exf6 Qxf6 10. dxc5 e5 11. c4 e4 12. cxd5 exf3 13. dxc6 O-O 14. cxb7 Bxb7
15. Qb3+ Rf7 16. Bc4 fxg2 17. Bxf7+ Qxf7 18. Rd1 Qxb3 19. axb3 Bxb2 20. Ra2 Be5
21. Na3 Kh8 22. Nc4 Bf4 23. Nd6 Bc6 24. Nf7+ Kg7 25. Nd8 Bf3 26. Rd3 Bg4 27.
Ra4 Bf5 28. Rd5 1-0

[Event "VIII CAMPEONATO CONTINENTAL DE LAS AMERI"]
[Site "Hotel Casa Campestre - Cochaba"]
[Date "2013.05.09"]
[Round "4"]
[White "Rios, Cristhian Camilo"]
[Black "Flores, Diego"]
[Result "0-1"]
[WhiteElo "2362"]
[BlackElo "2586"]
[PlyCount "78"]
[EventDate "2013.05.07"]
[EventRounds "11"]
[EventCountry "BOL"]

1. d4 d6 2. c4 e5 3. Nf3 e4 4. Ng5 f5 5. g3 Be7 6. Nh3 Nf6 7. Nc3 c6 8. d5 Na6
9. Bg2 Nc7 10. a4 cxd5 11. cxd5 b6 12. f3 exf3 13. exf3 Ba6 14. Kf2 O-O 15. Re1
Qd7 16. Kg1 Rae8 17. Qd4 Bb7 18. Nf4 Bd8 19. Bd2 Qf7 20. Bf1 Nd7 21. Bb5 Rxe1+
22. Rxe1 Ne5 23. Re3 Bf6 24. Qb4 g5 25. Nd3 Bxd5 26. Qxd6 Nxf3+ 27. Rxf3 Rd8
28. Ne5 Rxd6 29. Nxf7 Bxf7 30. Rxf5 Bg6 31. Rf3 g4 32. Bf4 gxf3 33. Bc4+ Re6
34. Bxc7 Bd4+ 35. Kf1 Kg7 36. Nb5 Bc5 37. b4 Re4 38. bxc5 Rxc4 39. Be5+ Kg8 0-1

[Event "VIII CAMPEONATO CONTINENTAL DE LAS AMERI"]
[Site "Hotel Casa Campestre - Cochaba"]
[Date "2013.05.09"]
[Round "4"]
[White "Mekhitarian, Krikor Sevag"]
[Black "Perez Garcia, Rodney Oscar"]
[Result "1-0"]
[WhiteElo "2551"]
[BlackElo "2381"]
[PlyCount "53"]
[EventDate "2013.05.07"]
[EventRounds "11"]
[EventCountry "BOL"]

1. e4 e5 2. Nf3 Nf6 3. Nxe5 d6 4. Nf3 Nxe4 5. d4 d5 6. Bd3 Be7 7. O-O Bf5 8.
Re1 Nc6 9. Nc3 Nxc3 10. bxc3 Bxd3 11. Qxd3 O-O 12. Rb1 Na5 13. Bf4 c6 14. c4
dxc4 15. Qe4 Bf6 16. Bd2 c3 17. Bxc3 Nc4 18. a4 a5 19. Qd3 b5 20. axb5 Na3 21.
Ra1 Nxb5 22. Ra4 Nxc3 23. Qxc3 Qb6 24. Qa3 Rfd8 25. g3 Bxd4 26. Nxd4 Rxd4 27.
Qe3 1-0

[Event "VIII CAMPEONATO CONTINENTAL DE LAS AMERI"]
[Site "Hotel Casa Campestre - Cochaba"]
[Date "2013.05.09"]
[Round "4"]
[White "Pacheco, Marco"]
[Black "Cubas, Jose Fernando"]
[Result "1-0"]
[WhiteElo "2384"]
[BlackElo "2550"]
[PlyCount "59"]
[EventDate "2013.05.07"]
[EventRounds "11"]
[EventCountry "BOL"]

1. d4 d5 2. c4 c6 3. cxd5 cxd5 4. Nf3 Nf6 5. Nc3 Nc6 6. Bf4 Nh5 7. Bd2 e6 8. e3
Bd6 9. Bd3 O-O 10. O-O Nf6 11. e4 dxe4 12. Nxe4 Be7 13. Be3 Nb4 14. Nxf6+ Bxf6
15. Be4 Qd6 16. Qb3 Rd8 17. Rac1 Nd5 18. Rfd1 b6 19. Bg5 Bb7 20. Bxf6 gxf6 21.
Nd2 Rd7 22. g3 Rad8 23. Bg2 Kh8 24. Ne4 Qe7 25. a3 Rg8 26. Qf3 f5 27. Nc3 Qf6
28. Ne2 f4 29. Qd3 Qh6 30. Rf1 1-0